000 00672nam a22002297a 4500
001 59077
003 UA-OsUOA
005 20230114202141.0
007 ta
008 20090305b un ||||| |||| 00| 0 ukr d
020 _a966-575-168-9
040 _aUA-OsUOA
_bukr
_cUA-OsUOA
_dUA-OsUOA
041 _aukr
080 _a336,01:51
090 _a336,01:51
_bЗ-41
245 _aЗбірник задач з фінансової математики
_bО. Д. Борисенко, Ю. С. Мішура., В. М. Радченко та ін.
260 _aК.
_bТехніка
_c2007
300 _a256 с.
650 7 _a336 Фінанси
_2UDC
942 _cBK
_2udc
955 _a2
999 _c345162
_d345162